[Event "SVK-chT2C 1920"]
[Site "Slovakia"]
[Date "2020.03.07"]
[Round "10.8"]
[White "Fendek, Radoslav"]
[Black "Knaperek, Pavol"]
[Result "1/2-1/2"]
[WhiteElo "1867"]
[BlackElo "1861"]
[PlyCount "97"]
[EventDate "2019.10.26"]
[EventType "team-tourn"]
[EventRounds "11"]
[EventCountry "SVK"]
[SourceTitle "CBM 195 Extra"]
[Source "ChessBase"]
[SourceDate "2020.05.31"]
[SourceVersion "1"]
[SourceVersionDate "2020.05.31"]
[SourceQuality "1"]
[WhiteTeam "Detva"]
[BlackTeam "Bziny"]
[WhiteTeamCountry "SVK"]
[BlackTeamCountry "SVK"]

1. e4 e6 2. d4 d5 3. exd5 exd5 4. Bd3 h6 5. Ne2 Nf6 6. Nbc3 c5 7. b3 Nc6 8. 0-0 cxd4 9. Nb5 Bc5 10. Bb2 Bg4 11. f3 Bh5 12. Kh1 0-0 13. Nbxd4 Re8 14. Bb5 Qc7 15. Nf5 Re6 16. Qc1 Bg6 17. Nfg3 Be3 18. Qd1 Rd8 19. a3 Ne7 20. Bd3 Rc6 21. Bd4 Bg5 22. c3 Bh4 23. b4 Nh7 24. a4 Ng5 25. b5 Re6 26. a5 b6 27. axb6 axb6 28. Qd2 Bxd3 29. Qxd3 Bxg3 30. Nxg3 Qc4 31. Qxc4 dxc4 32. Ra4 Rc8 33. h4 Nh7 34. Ra6 Nd5 35. Rfa1 Nhf6 36. Ra8 Rxa8 37. Rxa8+ Kh7 38. Ra1 Kg6 39. Kg1 Ne3 40. Re1 Nfd5 41. Kf2 Nc2 42. Rxe6+ fxe6 43. h5+ Kf7 44. Be5 Na3 45. Ke2 Nxb5 46. Ne4 Nf6 47. Nd2 Nd5 48. Ne4 Nf6 49. Nd2 1/2-1/2

[Event "SVK-chT2C 1112"]
[Site "Slovakia"]
[Date "2012.01.29"]
[Round "9.6"]
[White "Hros, Roman"]
[Black "Fendek, Radoslav"]
[Result "0-1"]
[WhiteElo "1911"]
[BlackElo "1929"]
[PlyCount "86"]
[EventDate "2011.10.08"]
[EventType "team-tourn"]
[EventRounds "11"]
[EventCountry "SVK"]
[SourceTitle "EXT 2013"]
[Source "ChessBase"]
[SourceDate "2012.11.22"]
[SourceVersion "1"]
[SourceVersionDate "2012.11.22"]
[SourceQuality "1"]
[WhiteTeam "Liptov Chess School II"]
[BlackTeam "Podpolanie Detva"]
[WhiteTeamCountry "SVK"]
[BlackTeamCountry "SVK"]

1. e4 e5 2. Nf3 Nc6 3. Bb5 a6 4. Bxc6 dxc6 5. d4 exd4 6. Qxd4 Qxd4 7. Nxd4 Bc5 8. Be3 Nf6 9. f3 h5 10. Nd2 Bd7 11. Kf2 0-0-0 12. Rad1 Rhe8 13. Nc4 Ng8 14. Rd2 b5 15. Na3 Kb7 16. Nb1 Ne7 17. Rhd1 Bc8 18. Nb3 Rxd2+ 19. Rxd2 Bxe3+ 20. Kxe3 Kb6 21. Nc3 a5 22. a3 Nf5+ 23. Kf2 Nd6 24. Rd4 Nc4 25. Nd1 f5 26. Nd2 Nxd2 27. Rxd2 fxe4 28. Re2 Bf5 29. Nc3 e3+ 30. Rxe3 Rxe3 31. Kxe3 Bxc2 32. Kf4 Kc5 33. Kg5 Kc4 34. Kxh5 Kb3 35. Ne4 Kxb2 36. Kg6 Kxa3 37. Kxg7 Kb4 38. h4 a4 39. h5 a3 40. h6 a2 41. h7 a1Q+ 42. Kg8 Bb3+ 43. Kf8 Qh8+ 0-1

[Event "SVK-chT2C 1112"]
[Site "Slovakia"]
[Date "2012.01.28"]
[Round "8.7"]
[White "Barciak, Robert"]
[Black "Fendek, Radoslav"]
[Result "0-1"]
[WhiteElo "1634"]
[BlackElo "1929"]
[PlyCount "68"]
[EventDate "2011.10.08"]
[EventType "team-tourn"]
[EventRounds "11"]
[EventCountry "SVK"]
[SourceTitle "EXT 2013"]
[Source "ChessBase"]
[SourceDate "2012.11.22"]
[SourceVersion "1"]
[SourceVersionDate "2012.11.22"]
[SourceQuality "1"]
[WhiteTeam "Banska Bystrica Junior II"]
[BlackTeam "Podpolanie Detva"]
[WhiteTeamCountry "SVK"]
[BlackTeamCountry "SVK"]

1. e4 e5 2. Nf3 Nc6 3. Bc4 Nf6 4. Nc3 Be7 5. 0-0 d6 6. d4 Bg4 7. dxe5 Nxe5 8. Be2 Qd7 9. Bf4 Ng6 10. Be3 0-0 11. Nd4 c5 12. Bxg4 Nxg4 13. Nf5 Nxe3 14. Nxe3 Bf6 15. Ned5 Be5 16. f4 Bd4+ 17. Kh1 f5 18. Rb1 Rae8 19. Qd3 a6 20. Rbe1 Ne7 21. b3 b5 22. Nb6 Qb7 23. Ncd5 Nxd5 24. Nxd5 fxe4 25. Qh3 Qxd5 26. f5 Rf6 27. Qh5 Qf7 28. Qg4 d5 29. h3 Rf8 30. Rf4 Rxf5 31. Rxf5 Qxf5 32. Qd1 b4 33. Qd2 Qf2 34. Qd1 Kh8 0-1

[Event "SVK-chT2C 1112"]
[Site "Slovakia"]
[Date "2011.11.05"]
[Round "3.7"]
[White "Fendek, Radoslav"]
[Black "Geffert, Anton"]
[Result "1/2-1/2"]
[WhiteElo "1929"]
[BlackElo "1925"]
[PlyCount "118"]
[EventDate "2011.10.08"]
[EventType "team-tourn"]
[EventRounds "11"]
[EventCountry "SVK"]
[SourceTitle "EXT 2013"]
[Source "ChessBase"]
[SourceDate "2012.11.22"]
[SourceVersion "1"]
[SourceVersionDate "2012.11.22"]
[SourceQuality "1"]
[WhiteTeam "Podpolanie Detva"]
[BlackTeam "Banska Bystrica Veza"]
[WhiteTeamCountry "SVK"]
[BlackTeamCountry "SVK"]

1. e4 c5 2. Nf3 d6 3. Bc4 Nf6 4. Qe2 Nc6 5. h3 e6 6. c3 Be7 7. d3 0-0 8. Bg5 a6 9. a4 Nd7 10. h4 Nde5 11. Nbd2 h6 12. Bf4 Nxc4 13. dxc4 e5 14. Be3 Bg4 15. Qd3 Qc7 16. Nh2 Be6 17. g4 b5 18. g5 h5 19. 0-0 bxc4 20. Qe2 g6 21. Nxc4 Rfb8 22. f4 Bxc4 23. Qxc4 Na5 24. Qd5 Qb7 25. Rf2 Qxd5 26. exd5 Nc4 27. Bc1 exf4 28. Ra2 Nb6 29. Rd2 f6 30. Nf3 fxg5 31. hxg5 Rf8 32. a5 Nc4 33. Re2 Rae8 34. b3 Ne3 35. Bxe3 fxe3 36. Rxe3 Bd8 37. Rxe8 Rxe8 38. Kf2 Re4 39. Rb2 Rg4 40. b4 cxb4 41. cxb4 h4 42. b5 h3 43. Rb1 axb5 44. Rxb5 Kf7 45. Rb7+ Ke8 46. a6 Ra4 47. a7 Rxa7 48. Rxa7 Bb6+ 49. Kg3 Bxa7 50. Kxh3 Be3 51. Kg4 Kf7 52. Nh4 Bd2 53. Nf3 Be3 54. Nh2 Ke7 55. Nf1 Bc1 56. Ng3 Bd2 57. Ne4 Be3 58. Kf3 Bc1 59. Ke2 Bf4 1/2-1/2

[Event "SVK-chT2C 10/11"]
[Site "Slovakia"]
[Date "2011.03.27"]
[Round "11.2"]
[White "Rusnak, Michal"]
[Black "Fendek, Radoslav"]
[Result "0-1"]
[WhiteElo "1922"]
[BlackElo "1894"]
[PlyCount "66"]
[EventDate "2010.10.23"]
[EventType "team-tourn"]
[EventRounds "11"]
[EventCountry "SVK"]
[SourceTitle "EXT 2019"]
[Source "ChessBase"]
[SourceDate "2018.10.10"]
[SourceVersion "1"]
[SourceVersionDate "2018.10.10"]
[SourceQuality "1"]
[WhiteTeam "Zilina DMS"]
[BlackTeam "Podpolanie"]
[WhiteTeamCountry "SVK"]
[BlackTeamCountry "SVK"]

1. e4 d6 2. d4 Nf6 3. Nc3 g6 4. h3 Bg7 5. Nf3 c6 6. Bd3 0-0 7. 0-0 Nbd7 8. Ne2 b6 9. Be3 Bb7 10. Ng3 Qc7 11. Qd2 Rfe8 12. c3 Rad8 13. Nh4 e5 14. f4 exd4 15. cxd4 c5 16. d5 Nxd5 17. exd5 Rxe3 18. Nf3 Re7 19. f5 Ne5 20. Be4 Nd7 21. Qg5 Nf6 22. Rae1 Rde8 23. fxg6 fxg6 24. Nd2 Re5 25. Qf4 Rf8 26. Qe3 Rfe8 27. Qd3 Nxe4 28. Ngxe4 Bxd5 29. Nf6+ Bxf6 30. Rxf6 Rxe1+ 31. Nf1 Bf7 32. Rxd6 c4 33. Qd4 Qc5 0-1

[Event "SVK-chT2C 10/11"]
[Site "Slovakia"]
[Date "2010.10.23"]
[Round "1.1"]
[White "Fendek, Radoslav"]
[Black "Rossa, Jozef"]
[Result "1-0"]
[WhiteElo "1894"]
[BlackElo "1787"]
[PlyCount "139"]
[EventDate "2010.10.23"]
[EventType "team-tourn"]
[EventRounds "11"]
[EventCountry "SVK"]
[SourceTitle "EXT 2019"]
[Source "ChessBase"]
[SourceDate "2018.10.10"]
[SourceVersion "1"]
[SourceVersionDate "2018.10.10"]
[SourceQuality "1"]
[WhiteTeam "Podpolanie"]
[BlackTeam "Banska Bystrica Kurta"]
[WhiteTeamCountry "SVK"]
[BlackTeamCountry "SVK"]

1. e4 c5 2. Nf3 Nc6 3. Bc4 e6 4. Nc3 a6 5. a4 g6 6. d3 Bg7 7. Bd2 Nge7 8. Qe2 Qb6 9. Nd1 Nb4 10. Ne3 d6 11. a5 Qc7 12. Bb3 Bd7 13. Nc4 Rd8 14. e5 d5 15. Nd6+ Kf8 16. Ng5 Be8 17. Qf3 Rxd6 18. exd6 Qxd6 19. 0-0 h6 20. Nh3 Nbc6 21. c3 Ne5 22. Qe2 Bb5 23. Bc2 Qd7 24. f4 N5c6 25. Nf2 Bf6 26. Ng4 Bg7 27. Nf2 Ng8 28. Be3 d4 29. Bd2 Nce7 30. Ne4 Qc7 31. Bb3 Nf6 32. Nf2 Nf5 33. g4 Ne7 34. cxd4 cxd4 35. Rac1 Qd6 36. Qe1 Nc6 37. Bc4 Bxc4 38. Rxc4 Qd5 39. Qe2 Kg8 40. Rfc1 Nd7 41. Qe4 Qb5 42. Rxc6 bxc6 43. Qxc6 Qxc6 44. Rxc6 Nb8 45. Rb6 Kh7 46. Bb4 Rc8 47. Bd6 Nd7 48. Rxa6 Bf8 49. Bxf8 Nxf8 50. Rb6 Kg7 51. Kg2 Nd7 52. Rd6 Nc5 53. b4 Nb3 54. Rb6 Ra8 55. Kf3 Nd2+ 56. Ke2 Nb1 57. Ne4 Nc3+ 58. Nxc3 dxc3 59. Rc6 Rb8 60. Rc4 Kf6 61. Kd1 g5 62. fxg5+ hxg5 63. Kc2 Ke5 64. Kxc3 f6 65. a6 f5 66. Rc5+ Kf4 67. gxf5 exf5 68. b5 g4 69. a7 Ra8 70. b6 1-0